2026 mlb guaranteed rosters - Statistics

General Stats
  • This quiz has been taken 182 times
    152 since last reset
  • The average score is 215 of 450
Answer Stats
Team Position ANSWER % Correct
Dodgers C Will Smith
93%
Guardians RP Cade Smith
91%
Astros RF Cam Smith
91%
Rangers 2B Josh H Smith
91%
Diamondbacks 1B Pavin Smith
91%
White Sox SP Shane Smith
91%
Dodgers 1B Freddie Freeman
89%
Dodgers SS Mookie Betts
88%
Rockies RF Tyler Freeman
86%
Athletics | Dodgers 3B Max Muncy
84%
Dodgers DH | SP Shohei Ohtani
84%
Red Sox 1B Willson Contreras
84%
Dodgers LF Teoscar Hernandez
81%
Mariners SP Bryan Woo
79%
Dodgers RP Edwin Diaz
79%
Reds DH Eugenio Suarez
79%
Red Sox SP Ranger Suarez
79%
Braves RP Robert Suarez
79%
Astros C Yainer Diaz
79%
Rays DH Yandy Diaz
79%
Dodgers SP Yoshinobu Yamamoto
79%
Dodgers CF Andy Pages
77%
Guardians C Bo Naylor
77%
Mariners C Cal Raleigh
77%
Orioles SS Gunnar Henderson
77%
Mariners 1B Josh Naylor
77%
White Sox CF Luisangel Acuna
77%
Braves RF Ronald Acuna Jr.
77%
Brewers C William Contreras
77%
Yankees RF Aaron Judge
75%
Phillies 1B Bryce Harper
75%
Diamondbacks SP Eduardo Rodriguez
75%
Angels SP Grayson Rodriguez
75%
Mariners CF Julio Rodriguez
75%
Dodgers RF Kyle Tucker
75%
Braves 1B Matt Olson
75%
Cardinals C Pedro Pages
75%
Red Sox RP Aroldis Chapman
74%
Marlins C Augustin Ramirez
74%
Dodgers SP Blake Snell
74%
Brewers DH Christian Yelich
74%
Braves C Drake Baldwin
74%
Marlins SP Eury Perez
74%
Red Sox LF Jarren Duran
74%
Phillies RP Jhoan Duran
74%
Guardians 3B Jose Ramirez
74%
Twins 1B Josh Bell
74%
Giants 3B Matt Chapman
74%
Athletics 1B Nick Kurtz
74%
Royals DH Salvador Perez
74%
Phillies SS Trea Turner
74%
Dodgers SP Tyler Glasnow
74%
Tigers RF Wencel Perez
74%
Blue Jays C Alejandro Kirk
72%
Braves 3B Austin Riley
72%
Yankees 1B Ben Rice
72%
Royals SS Bobby Witt Jr.
72%
Mariners SP Bryce Miller
72%
Reds SS Elly de la Cruz
72%
Mariners SS JP Crawford
72%
Phillies CF Justin Crawford
72%
Padres RP Mason Miller
72%
Blue Jays 1B Vladimir Guerrero Jr
72%
Yankees C Austin Wells
70%
Rays SS Carson Williams
70%
Yankees LF Cody Bellinger
70%
Mets RP Devin Williams
70%
Guardians SP Gavin Williams
70%
Brewers LF Jackson Chourio
70%
Phillies C JT Realmuto
70%
Diamondbacks 2B Ketel Marte
70%
Reds RF Noelvi Marte
70%
Pirates CF Oneil Cruz
70%
Pirates SP Paul Skenes
70%
Pirates 2B Brandon Lowe
68%
Braves SP Chris Sale
68%
Athletics SS Jacob Wilson
68%
Yankees 2B Jazz Chisholm Jr
68%
Angels LF Josh Lowe
68%
Yankees SP Luis Gil
68%
Padres 3B Manny Machado
68%
Yankees SP Max Fried
68%
Braves 2B Ozzie Albies
68%
Orioles 1B Pete Alonso
68%
Orioles C Adley Rutschman
67%
Phillies RF Adolis Garcia
67%
Yankees SS Anthony Volpe
67%
Mets 3B Bo Bichette
67%
Brewers 2B Brice Turang
67%
Astros 1B Christian Walker
67%
Rangers SS Corey Seager
67%
Padres RF Fernando Tatis Jr.
67%
Mets SS Francisco Lindor
67%
Yankees DH Giancarlo Stanton
67%
Reds SP Hunter Greene
67%
Nationals LF James Wood
67%
Cardinals RF Jordan Walker
67%
Phillies DH Kyle Schwarber
67%
Nationals 2B Luis Garcia Jr
67%
Royals 3B Maikel Garcia
67%
Braves CF Michael Harris II
67%
Tigers LF Riley Greene
67%
Rangers RP Robert Garcia
67%
Giants RP Ryan Walker
67%
Athletics C Shea Langeliers
67%
Tigers SP Tarik Skubal
67%
Phillies SP Zack Wheeler
67%
Phillies 3B Alec Bohm
65%
Phillies SP Christopher Sanchez
65%
Dodgers 2B Hyesong Kim
65%
Mariners SP Logan Gilbert
65%
Angels RF Mike Trout
65%
Twins SS Brooks Lee
63%
Twins CF Byron Buxton
63%
Diamondbacks RF Corbin Carroll
63%
Mets C Francisco Alvarez
63%
Mets SP Freddy Peralta
63%
Mets LF Juan Soto
63%
Giants RF Jung Hoo Lee
63%
Giants SP Logan Webb
63%
Cubs CF Pete Crow-Armstrong
63%
Guardians LF Steven Kwan
63%
Yankees CF Trent Grisham
63%
Red Sox SS Trevor Story
63%
Astros LF Yordan Alvarez
63%
Phillies 2B Bryson Stott
61%
Blue Jays DH George Springer
61%
Tigers SS Javier Baez
61%
Astros 2B Jose Altuve
61%
Giants 1B Rafael Devers
61%
Mariners LF Randy Arozarena
61%
Giants SS Willy Adames
61%
Athletics DH Brent Rooker
60%
Cubs SS Dansby Swanson
60%
Cardinals SP Dustin May
60%
Mariners SP George Kirby
60%
Astros SP Hunter Brown
60%
Rangers SP Jacob deGrom
60%
Mets 1B Jorge Polanco
60%
Cardinals SS Masyn Winn
60%
Diamondbacks 3B Nolan Arenado
60%
Giants C Patrick Bailey
60%
Yankees 3B Ryan McMahon
60%
Guardians SP Tanner Bibee
60%
Mariners RP Andres Munoz
58%
Reds SP Andrew Abbott
58%
Blue Jays SP Dylan Cease
58%
Red Sox SP Garrett Crochet
58%
Blue Jays SP Kevin Gausman
58%
Giants 2B Luis Arraez
58%
Mariners SP Luis Castillo
58%
Cubs 2B Nico Hoerner
58%
Marlins SP Sandy Alcantara
58%
Braves SP Spencer Strider
58%
Royals 1B Vinnie Pasquantino
58%
Diamondbacks SP Zac Gallen
58%
Cubs 3B Alex Bregman
56%
Cubs C Carson Kelly
56%
Blue Jays CF Daulton Varsho
56%
Blue Jays 2B Ernie Clement
56%
Athletics RF Lawrence Butler
56%
Diamondbacks SP Merrill Kelly
56%
Red Sox DH Roman Anthony
56%
Red Sox RF Wilyer Abreu
56%
Phillies SP Aaron Nola
54%
Phillies LF Brandon Marsh
54%
Mariners 3B Brendan Donovan
54%
Tigers SP Framber Valdez
54%
Diamondbacks SS Geraldo Perdomo
54%
Tigers 2B Gleyber Torres
54%
Padres CF Jackson Merrill
54%
Twins SP Joe Ryan
54%
Rays 3B Junior Caminero
54%
Athletics SP Luis Severino
54%
Cubs RF Seiya Suzuki
54%
Rangers LF Wyatt Langford
54%
Blue Jays SS Andres Gimenez
53%
Giants LF Heliot Ramos
53%
Padres 2B Jake Cronenworth
53%
Athletics 2B Jeff McNeil
53%
Astros SS Jeremy Pena
53%
Mets CF Luis Robert Jr.
53%
Mets 2B Marcus Semien
53%
Tigers 1B Spencer Torkelson
53%
Angels SS Zach Neto
53%
Blue Jays RF Addison Barger
51%
Twins LF Austin Martin
51%
Nationals SS CJ Abrams
51%
White Sox SP Davis Martin
51%
Athletics SP Jacob Lopez
51%
Brewers SP Jacob Misiorowski
51%
Rangers 1B Jake Burger
51%
Rockies SP Kyle Freeland
51%
Marlins LF Kyle Stowers
51%
Angels C Logan O'Hoppe
51%
Pirates DH Marcell Ozuna
51%
Red Sox 3B Marcelo Mayer
51%
Marlins SP Max Meyer
51%
Marlins SS Otto Lopez
51%
Twins SP Pablo Lopez
51%
Braves SP Reynaldo Lopez
51%
Brewers RF Sal Frelick
51%
Cubs SP Shota Imanaga
51%
Padres SS Xander Bogaerts
51%
Marlins 2B Xavier Edwards
51%
Rangers RF Brandon Nimmo
49%
Brewers SP Brandon Woodruff
49%
Red Sox CF Cedanne Rafaela
49%
Royals SP Cole Ragans
49%
Yankees RP David Bednar
49%
Tigers C Dillon Dingler
49%
Angels CF Jo Adell
49%
Royals 2B Jonathan India
49%
Rangers SP MacKenzie Gore
49%
Cubs 1B Michael Busch
49%
Rangers SP Nathan Eovaldi
49%
Royals SP Seth Lugo
49%
Red Sox SP Sonny Gray
49%
Orioles LF Taylor Ward
49%
Athletics LF Tyler Soderstrom
49%
Diamondbacks CF Alek Thomas
47%
White Sox SS Colson Montgomery
47%
Diamondbacks C Gabriel Moreno
47%
Rockies C Hunter Goodman
47%
Rangers 3B Josh Jung
47%
Nationals C Keibert Ruiz
47%
Twins 3B Royce Lewis
47%
Braves DH Sean Murphy
47%
Twins RP Taylor Rogers
47%
Orioles SP Trevor Rogers
47%
Pirates LF Bryan Reynolds
46%
Rays CF Cedric Mullins
46%
Mariners 2B Cole Young
46%
Nationals CF Jacob Young
46%
Brewers SS Joey Ortiz
46%
Tigers SP Justin Verlander
46%
Guardians 1B Kyle Manzardo
46%
Padres SP Michael King
46%
Guardians RF Nolan Jones
46%
Pirates RF Ryan O'Hearn
46%
Reds C Tyler Stephenson
46%
Cardinals CF Victor Scott II
46%
Cardinals 1B Alec Burleson
44%
Brewers 1B Andrew Vaughn
44%
Rockies CF Brenton Doyle
44%
Guardians 2B Bryan Rocchio
44%
Red Sox 2B Caleb Durbin
44%
Athletics CF Denzel Clarke
44%
Cubs LF Ian Happ
44%
Phillies SP Jesus Luzardo
44%
Blue Jays 3B Kazuma Okamoto
44%
Tigers DH Kerry Carpenter
44%
Giants SP Robbie Ray
44%
White Sox RP Seranthony Dominguez
44%
Guardians CF Angel Martinez
42%
Mets DH Brett Baty
42%
Astros 3B Carlos Correa
42%
Red Sox C Carlos Narvaez
42%
Mets SP Clay Holmes
42%
Rockies SS Ezequiel Tovar
42%
Padres C Freddy Fermin
42%
Braves SP Grant Holmes
42%
Giants CF Harrison Bader
42%
Cardinals DH Ivan Herrera
42%
Astros RP Josh Hader
42%
White Sox C Kyle Teel
42%
Cardinals LF Lars Nootbaar
42%
Reds 2B Matt McLain
42%
White Sox 1B Munetaka Murakami
42%
Rays SP Nick Martinez
42%
Blue Jays SP Shane Bieber
42%
Blue Jays SP Trey Yesavage
42%
Angels SP Yusei Kikuchi
42%
White Sox LF Andrew Benintendi
40%
Red Sox SP Bryan Bello
40%
Orioles CF Colton Cowser
40%
Pirates RP Dennis Santana
40%
Brewers CF Garrett Mitchell
40%
Astros DH Isaac Paredes
40%
Tigers SP Jack Flaherty
40%
Pirates C Joey Bart
40%
Orioles 3B Jordan Westburg
40%
Angels DH Jorge Soler
40%
Braves SS Mauricio Dubon
40%
Royals SP Michael Wacha
40%
Pirates SP Mitch Keller
40%
Angels 1B Nolan Schanuel
40%
Nationals 3B Brady House
39%
Rays LF Chandler Simpson
39%
Orioles SP Chris Bassitt
39%
Nationals RF Dylan Crews
39%
Cubs SP Edward Cabrera
39%
Dodgers SP Emmet Sheehan
39%
Reds 3B Ke'Bryan Hayes
39%
White Sox 3B Miguel Vargas
39%
Braves LF Mike Yastrzemski
39%
Cardinals 3B Nolan Gorman
39%
Tigers CF Parker Meadows
39%
Yankees SP Ryan Weathers
39%
Reds 1B Spencer Steer
39%
Yankees SP Will Warren
39%
Pirates SP Bubba Chandler
37%
Rangers CF Evan Carter
37%
Guardians SS Gabriel Arias
37%
Rangers DH Joc Pederson
37%
Rays 1B Jonathan Aranda
37%
Blue Jays SP Jose Berrios
37%
Mets SP Kodai Senga
37%
Orioles SP Kyle Bradish
37%
Rangers C Kyle Higashioka
37%
Cubs SP Matthew Boyd
37%
Reds SP Nick Lodolo
37%
Mets SP Nolan McLean
37%
Twins SP Simeon Woods-Richardson
37%
Royals C Carter Jensen
35%
Orioles 2B Jackson Holiday
35%
Blue Jays RP Jeff Hoffman
35%
Royals CF Kyle Isbel
35%
Diamondbacks LF Lourdes Gurriel Jr.
35%
Nationals SP Miles Mikolas
35%
Padres LF Ramon Laureano
35%
Guardians DH Rhys Hoskins
35%
Twins C Ryan Jeffers
35%
Reds CF TJ Friedl
35%
Angels 3B Yoan Moncada
35%
White Sox RF Austin Hays
33%
Braves SP Bryce Elder
33%
Tigers SP Casey Mize
33%
Rays SP Drew Rasmussen
33%
Rays 2B Gavin Lux
33%
Royals LF Isaac Collins
33%
Angels SP Jose Soriano
33%
Cardinals SP Matthew Liberatore
33%
Marlins RP Pete Fairbanks
33%
Orioles SP Shane Baz
33%
Rays SP Shane McClanahan
33%
Rangers SP Jack Leiter
32%
Marlins CF Jacob Marsee
32%
Royals SP Kris Bubic
32%
Rangers SP Kumar Rocker
32%
Brewers SP Kyle Harrison
32%
Astros SP Lance McCullers Jr
32%
Guardians SP Logan Allen
32%
Padres DH Nick Castellanos
32%
Padres SP Nick Pivetta
32%
Orioles RP Ryan Helsley
32%
Twins DH Trevor Larnach
32%
Mariners RF Victor Robles
32%
Tigers 3B Zach McKinstry
32%
Brewers RP Abner Uribe
30%
Phillies SP Andrew Painter
30%
Twins SP Bailey Ober
30%
Royals RP Carlos Estevez
30%
Mets SP David Peterson
30%
Padres 1B Gavin Sheets
30%
Astros CF Jake Meyers
30%
Athletics SP Jeffrey Springs
30%
Orioles RF Ryan Mountcastle
30%
Pirates 1B Spencer Horwitz
30%
Twins SP Taj Bradley
30%
Astros SP Christian Javier
28%
Blue Jays LF Davis Schneider
28%
Padres SP Joe Musgrove
28%
Red Sox SP Johan Oviedo
28%
Twins RF Matt Wallner
28%
Rockies SP Michael Lorenzen
28%
Rockies DH Mickey Moniak
28%
Rays SP Ryan Pepiot
28%
Astros SP Tatsuya Imai
28%
Nationals SP Cade Cavalli
26%
Rockies SP Chase Dollander
26%
Marlins 1B Connor Norby
26%
Rockies LF Jordan Beck
26%
Brewers 3B Luis Rengifo
26%
Rays C Nick Fortes
26%
Diamondbacks SP Ryne Nelson
26%
Orioles DH Samuel Basallo
26%
Orioles SP Zach Eflin
26%
Pirates SP Braxton Ashcraft
25%
Mets RF Carson Benge
25%
White Sox 2B Chase Meidroth
25%
Marlins DH Christopher Morel
25%
Nationals DH Daylen Lile
25%
Reds RP Emilio Pagan
25%
Royals RF Jac Caglianone
25%
Pirates 3B Jared Triolo
25%
Brewers SP Quinn Priester
25%
Angels SP Reid Detmers
25%
Rockies SP Tomoyuki Sugano
25%
Rockies 2B Willi Castro
25%
Diamondbacks SP Brandon Pfaadt
23%
Brewers SP Chad Patrick
23%
Angels 2B Christian Moore
23%
Twins 2B Luke Keaschall
23%
Cubs DH Moises Ballesteros
23%
Guardians SP Parker Messick
23%
Padres SP Randy Vasquez
23%
White Sox SP Sean Burke
23%
Reds SP Brady Singer
21%
Cubs SP Cade Horton
21%
Yankees SP Cam Schlitler
21%
Cubs RP Daniel Palencia
21%
White Sox SP Erick Fedde
21%
Giants SP Landon Roupp
21%
Pirates SS Nick Gonzales
21%
Athletics SP Aaron Civale
19%
Marlins SP Braxton Garrett
19%
Rockies 1B Edouard Julien
19%
Nationals SP Jake Irvin
19%
Cubs SP Jameson Taillon
19%
Tigers RP Kyle Finnegan
19%
Nationals SP Mitchell Parker
19%
Royals SP Noah Cameron
19%
Guardians SP Slade Cecconi
19%
Rays SP Steven Matz
19%
Giants SP Tyler Mahle
19%
Rockies SP Antonio Senzatela
18%
Marlins RF Griffin Conine
18%
Rays RF Jake Fraley
18%
Reds LF JJ Bleday
18%
Cardinals RP Jojo Romero
18%
Cardinals SP Michael McGreevy
18%
Giants DH Bryce Eldridge
16%
Marlins SP Janson Junk
16%
Marlins 3B Javier Sanoja
16%
Diamondbacks DH Jordan Lawlar
16%
Giants SP Adrian Houser
14%
Angels SP Alek Manoah
14%
Nationals SP Brad Lord
14%
Pirates SP Jose Urquidy
14%
Padres SP J.P. Sears
14%
Diamondbacks RP Ryan Thompson
14%
Cardinals 2B Thomas Saggese
14%
Rays RP Griffin Jax
12%
Reds SP Rhett Lowder
12%
Mariners DH Rob Refsnyder
12%
Astros SP Spencer Arighetti
12%
Nationals RP Cole Henry
11%
White Sox DH Edgar Quero
11%
Angels RP Drew Pomeranz
9%
White Sox SP Drew Thorpe
9%
Cardinals SP Hunter Dobbins
9%
Rockies RP Jimmy Herget
9%
Athletics SP Luis Morales
9%
Nationals 1B Andres Chapparo
7%
Athletics RP Elvis Alvarado
7%
Rockies 3B Kyle Karros
7%
Cardinals SP Andre Pallente
2%
No matching quizzes found
Score Distribution
Percent of People with Each Score
Percentile by Number Answered
Your Score History
You have not taken this quiz since the last reset